000 00671nas a2200229 4500
001 BR2012001640
003 BR-BrBNA
005 20231205120314.0
007 ta
008 230509b bl.|||p| |||| 00| 00por d
040 _aBR-BrBNA
_bpor
_cBiblioteca Nacional de Agricultura
041 _a(Pt)
072 _aH10
100 1 _aGarcia, I.P.
100 1 _aBergmann, E.C.
245 1 _aBorboletas da Ilha de São Luís (MA)
650 _aBORBOLETA
650 _aFLUTUAÇÃO POPULACIONAL
773 0 _tO Biológico (Brazil)
_xISSN 0366-0567
_g(Jan-Dez 1990/1994), v. 56(1-2) p. 37-38
_wBR2012001640
909 _a202311
_bLúcia
_c55
_dLúcia Elande
942 _2AGRIS
_n0
_cANA
999 _c217860
_d217860